Principles of hindu law/ (Record no. 29860)
[ view plain ]
| 000 -LEADER | |
|---|---|
| fixed length control field | 01201nam a22002897a 4500 |
| 005 - DATE AND TIME OF LATEST TRANSACTION | |
| control field | 20090901105553.0 |
| 008 - FIXED-LENGTH DATA ELEMENTS--GENERAL INFORMATION | |
| fixed length control field | 090901t xxu||||| |||| 00| 0 eng d |
| 010 ## - LCCN (DPL NO) | |
| LC control number | ENG-94997 |
| 020 ## - INTERNATIONAL STANDARD BOOK NUMBER | |
| Terms of availability | 200.00 |
| 035 ## - SYSTEM CONTROL NUMBER | |
| System control number | EN-78530 |
| 037 ## - SOURCE OF ACQUISITION | |
| Source of stock number/acquisition | DBAD / PUB |
| 040 ## - CATALOGING SOURCE | |
| Original cataloging agency | dpl |
| Language of cataloging | English |
| 082 ## - DEWEY DECIMAL CLASSIFICATION NUMBER | |
| Classification number | 340.0917645 |
| 100 ## - MAIN ENTRY--PERSONAL NAME | |
| Personal name | Jhabvala, Noshirvan H. |
| 245 ## - TITLE STATEMENT | |
| Title | Principles of hindu law/ |
| Statement of responsibility, etc | by Noshirvan H. Jhabvala; edited & revised by H.D. Pithawalla |
| 250 ## - EDITION STATEMENT | |
| Edition statement | 21st ed. (rev.) |
| 260 ## - PUBLICATION, DISTRIBUTION, ETC. (IMPRINT) | |
| Place of publication, distribution, etc | Mumbai |
| Name of publisher, distributor, etc | C. Jamnadas & Co. |
| Date of publication, distribution, etc | (200?) |
| 270 ## - ADDRESS | |
| Address | 146-C, Shamaldas Gandhi Marg, |
| City | Mumbai |
| Postal code | 400002 |
| 300 ## - PHYSICAL DESCRIPTION | |
| Extent | 304p. |
| Dimensions | 24cm(pbk) |
| 500 ## - GENERAL NOTE | |
| General note | including the Hindu Marriage Act, the Hindu Minority & Guardianship Act, the Hindu Adoptions & Maintenance Act, the Hindu Succession Act (as amended in 2005), the Special Marriage Act |
| 500 ## - GENERAL NOTE | |
| General note | Includes index |
| 650 ## - SUBJECT ADDED ENTRY--TOPICAL TERM | |
| Topical term or geographic name as entry element | Hindu law |
| 650 ## - SUBJECT ADDED ENTRY--TOPICAL TERM | |
| Topical term or geographic name as entry element | Constitutional law |
| Geographic subdivision | India |
| 700 ## - ADDED ENTRY--PERSONAL NAME | |
| Personal name | Pithawall, H.D. |
| 942 ## - ADDED ENTRY ELEMENTS (KOHA) | |
| Source of classification or shelving scheme | Dewey Decimal Classification |
| Item type | English Books |
| Call number suffix | JHA |
| Classification part | 340.0917645 |
| Withdrawn status | Lost status | Source of classification or shelving scheme | Damaged status | Not for loan | Collection code | Home library | Current library | Date acquired | Source of acquisition | Cost, normal purchase price | Total Checkouts | Full call number | Barcode | Date last seen | Copy number | Cost, replacement price | Koha item type |
|---|---|---|---|---|---|---|---|---|---|---|---|---|---|---|---|---|---|
| Dewey Decimal Classification | Not For Loan | Non-fiction | D.B.Act.Division | D.B.Act.Division | 01/09/2009 | DBAD / PUB | 200.00 | 340.0917645 JHA | EN-78530 | 01/09/2009 | 1 | 200.00 | English Books |
